80 bài tập trắc nghiệm giới từ tiếng Anh : Dành cho học sinh Trung học phổ thông

Salvato in:
Dettagli Bibliografici
Autore principale: Thục Vy
Natura: Libro
Lingua:Undetermined
Pubblicazione: Hà Nội Giáo dục 2008
Soggetti:
Tags: Aggiungi Tag
Nessun Tag, puoi essere il primo ad aggiungerne! !
Thư viện lưu trữ: Trung tâm Học liệu Trường Đại học Cần Thơ
LEADER 00662nam a2200217Ia 4500
001 CTU_197399
008 210402s9999 xx 000 0 und d
020 |c 16000 
082 |a 425.076 
082 |b Th506 
100 |a Thục Vy 
245 0 |a 80 bài tập trắc nghiệm giới từ tiếng Anh : 
245 0 |b Dành cho học sinh Trung học phổ thông 
245 0 |c Thục Vy chủ biên 
260 |a Hà Nội 
260 |b Giáo dục 
260 |c 2008 
650 |a English language,Tiếng Anh 
650 |x Prepositions,Giới từ 
904 |i Hải 
980 |a Trung tâm Học liệu Trường Đại học Cần Thơ